[Event "Berlin Lieb Memorial 5th"]
[Site "Berlin"]
[Date "2019.06.07"]
[Round "5"]
[White "Lippianowski, Stefan"]
[Black "Ellert, Oliver"]
[Result "0-1"]
[WhiteElo "1089"]
[BlackElo "1528"]
[PlyCount "42"]
[EventDate "2019.05.03"]
[EventType "swiss"]
[EventRounds "7"]
[EventCountry "GER"]
[SourceTitle "EXT 2020"]
[Source "ChessBase"]
[SourceDate "2019.10.17"]
[SourceVersion "1"]
[SourceVersionDate "2019.10.17"]
[SourceQuality "1"]

1. e4 d5 2. Nc3 dxe4 3. Nxe4 Bf5 4. Qf3 Bxe4 5. Qxe4 c6 6. Bc4 Nf6 7. Qe2 e6 8. Nf3 Be7 9. d4 Nd5 10. Ne5 Nd7 11. Nxf7 Kxf7 12. Qf3+ N7f6 13. Bxd5 Qxd5 14. Be3 Qxf3 15. gxf3 Nd5 16. 0-0-0 b5 17. c3 a5 18. a3 b4 19. axb4 axb4 20. Bd2 b3 21. Kb1 Ra2 0-1

[Event "Berlin Lichtenberger op 17th"]
[Site "Berlin"]
[Date "2018.08.25"]
[Round "8"]
[White "Torosyan, Bagrat"]
[Black "Lippianowski, Stefan"]
[Result "1-0"]
[WhiteElo "1309"]
[BlackElo "1090"]
[PlyCount "63"]
[EventDate "2018.08.18"]
[EventType "swiss"]
[EventRounds "9"]
[EventCountry "GER"]
[SourceTitle "CBM 186 Extra"]
[Source "ChessBase"]
[SourceDate "2018.08.24"]
[SourceVersion "1"]
[SourceVersionDate "2018.08.24"]
[SourceQuality "1"]

1. e4 e5 2. Bc4 Nf6 3. Nf3 h6 4. 0-0 Nxe4 5. Nxe5 d5 6. Re1 Be6 7. Bb5+ c6 8. Bd3 Bd6 9. Nf3 f5 10. Nc3 0-0 11. Nd4 Qb6 12. Bxe4 Qxd4 13. Bf3 Bc5 14. Rxe6 Qxf2+ 15. Kh1 Nd7 16. Qe1 Qd4 17. b3 Kh8 18. Bb2 Qf4 19. Na4 Bd6 20. Qg1 b5 21. Nc3 Bc5 22. Qd1 Bd6 23. g3 Qb4 24. a3 Qd4 25. Rxd6 Nf6 26. Rb1 Qe5 27. Nxb5 Qe8 28. Nd4 Qe7 29. Nxf5 Qf7 30. Bxf6 gxf6 31. Nh4 Qe7 32. Ng6+ 1-0

[Event "Berlin Lichtenberger op 17th"]
[Site "Berlin"]
[Date "2018.08.24"]
[Round "7"]
[White "Lippianowski, Stefan"]
[Black "Fontaine, Constantin"]
[Result "0-1"]
[WhiteElo "1090"]
[BlackElo "1487"]
[PlyCount "56"]
[EventDate "2018.08.18"]
[EventType "swiss"]
[EventRounds "9"]
[EventCountry "GER"]
[SourceTitle "CBM 186 Extra"]
[Source "ChessBase"]
[SourceDate "2018.08.24"]
[SourceVersion "1"]
[SourceVersionDate "2018.08.24"]
[SourceQuality "1"]

1. d4 d5 2. Nc3 e6 3. a3 c5 4. Bf4 Bd6 5. e3 cxd4 6. Nb5 Bxf4 7. exf4 Qa5+ 8. b4 Qd8 9. Qg4 g6 10. Nxd4 e5 11. Qe2 e4 12. Ngf3 Ne7 13. Qb5+ Nbc6 14. Nxc6 bxc6 15. Qe2 exf3 16. Qe5 Rf8 17. 0-0-0 fxg2 18. Bxg2 Be6 19. c4 Qc8 20. Kb2 f6 21. Qd4 dxc4 22. Rhe1 Kf7 23. Qe3 Nd5 24. Bxd5 cxd5 25. f5 Bxf5 26. Qh6 c3+ 27. Kb3 Qc4+ 28. Ka4 Bd7+ 0-1

[Event "Berlin Lichtenberger op 17th"]
[Site "Berlin"]
[Date "2018.08.23"]
[Round "6"]
[White "Schiller, Stephan"]
[Black "Lippianowski, Stefan"]
[Result "1-0"]
[WhiteElo "1604"]
[BlackElo "1090"]
[PlyCount "69"]
[EventDate "2018.08.18"]
[EventType "swiss"]
[EventRounds "9"]
[EventCountry "GER"]
[SourceTitle "CBM 186 Extra"]
[Source "ChessBase"]
[SourceDate "2018.08.24"]
[SourceVersion "1"]
[SourceVersionDate "2018.08.24"]
[SourceQuality "1"]

1. d4 d5 2. c4 Nf6 3. Nc3 e6 4. Nf3 Bb4 5. Bd2 Bxc3 6. bxc3 Ne4 7. e3 0-0 8. Bd3 Nc6 9. Qc2 f5 10. Bc1 Qf6 11. cxd5 Qg6 12. Nh4 Qf6 13. dxc6 Qxh4 14. g3 Qg4 15. Be2 Qh3 16. Bf1 Qg4 17. Bg2 b6 18. f3 Qg6 19. fxe4 fxe4 20. Rf1 Ba6 21. c4 b5 22. Bxe4 Qh5 23. Qe2 Qxe2+ 24. Kxe2 bxc4 25. Rxf8+ Rxf8 26. Ba3 c3+ 27. Bd3 Bxd3+ 28. Kxd3 Rf2 29. Kxc3 Rxh2 30. Rf1 g6 31. Rf8+ Kg7 32. Rc8 Rxa2 33. Rxc7+ Kh6 34. Rxa7 Ra1 35. Bf8+ 1-0

[Event "Berlin Lichtenberger op 17th"]
[Site "Berlin"]
[Date "2018.08.20"]
[Round "3"]
[White "Ettel, Ralf"]
[Black "Lippianowski, Stefan"]
[Result "1-0"]
[WhiteElo "1549"]
[BlackElo "1090"]
[PlyCount "45"]
[EventDate "2018.08.18"]
[EventType "swiss"]
[EventRounds "9"]
[EventCountry "GER"]
[SourceTitle "CBM 186 Extra"]
[Source "ChessBase"]
[SourceDate "2018.08.24"]
[SourceVersion "1"]
[SourceVersionDate "2018.08.24"]
[SourceQuality "1"]

1. c4 e5 2. Nc3 Nf6 3. g3 Bc5 4. Bg2 Nc6 5. d3 Ng4 6. e3 d6 7. h3 Nxf2 8. Kxf2 Qf6+ 9. Qf3 Qg6 10. Qe4 Qf6+ 11. Nf3 Bf5 12. Nd5 Bxe4 13. Nxf6+ gxf6 14. dxe4 Nb4 15. Rd1 Nc2 16. Rb1 0-0-0 17. a3 Nd4 18. exd4 exd4 19. Nxd4 Rhg8 20. Be3 Bb6 21. Nf5 Rde8 22. Bxb6 axb6 23. Rd5 1-0

[Event "Berlin Eckbauer op 20th"]
[Site "Berlin"]
[Date "2017.10.09"]
[Round "1"]
[White "Moewisch, Dave"]
[Black "Lippianowski, Stefan"]
[Result "1-0"]
[WhiteElo "1771"]
[BlackElo "1105"]
[PlyCount "69"]
[EventDate "2017.10.09"]
[EventType "swiss"]
[EventRounds "7"]
[EventCountry "GER"]
[SourceTitle "CBM 189 Extra"]
[Source "ChessBase"]
[SourceDate "2019.06.03"]
[SourceVersion "1"]
[SourceVersionDate "2019.06.03"]
[SourceQuality "1"]

1. e4 e5 2. Nf3 Nc6 3. Bc4 Nf6 4. Ng5 d5 5. exd5 Nxd5 6. Nxf7 Kxf7 7. Qf3+ Ke8 8. Bxd5 Qf6 9. Bxc6+ Qxc6 10. Qh5+ Kd8 11. 0-0 Bd6 12. Qg5+ Be7 13. Qxe5 Bf6 14. Qg3 Re8 15. c3 Be5 16. Qh4+ Bf6 17. Qh5 b6 18. d4 Qe4 19. Bg5 Bb7 20. f3 Qf5 21. Bxf6+ Qxf6 22. Nd2 g6 23. Qh3 Bc8 24. Qg3 h5 25. Rfe1 Be6 26. Ne4 Qe7 27. Ng5 Qf6 28. Nxe6+ Rxe6 29. Rxe6 Qxe6 30. Re1 Qf7 31. Qe5 Kc8 32. Qe6+ Qxe6 33. Rxe6 g5 34. Re8+ Kb7 35. Rxa8 1-0

[Event "Berlin Lichtenberger op 16th"]
[Site "Berlin"]
[Date "2017.08.23"]
[Round "5"]
[White "Lippianowski, Stefan"]
[Black "David, Daniel"]
[Result "0-1"]
[WhiteElo "1106"]
[BlackElo "1392"]
[PlyCount "84"]
[EventDate "2017.08.19"]
[EventType "swiss"]
[EventRounds "9"]
[EventCountry "GER"]
[SourceTitle "CBM 180 Extra"]
[Source "ChessBase"]
[SourceDate "2017.10.06"]
[SourceVersion "1"]
[SourceVersionDate "2017.10.06"]
[SourceQuality "1"]

1. e4 e5 2. Nf3 Nf6 3. Nc3 Nc6 4. a3 d6 5. h3 Be7 6. Bc4 h6 7. d3 0-0 8. Nd5 Nxd5 9. Bxd5 Bd7 10. Be3 a6 11. Qd2 Bf6 12. 0-0-0 h5 13. Qe2 h4 14. g4 Be6 15. g5 Be7 16. Nxh4 Bxg5 17. Nf5 Bxe3+ 18. Qxe3 Bxd5 19. Rhg1 g6 20. Nh6+ Kh7 21. exd5 Nd4 22. c3 Qh4 23. Ng4 Nf5 24. Qe2 Kg7 25. Qd2 Nh6 26. Ne3 Qxh3 27. Rh1 Qd7 28. f3 Rh8 29. d4 Nf5 30. Rxh8 Rxh8 31. Ng4 exd4 32. b4 dxc3 33. Qxc3+ f6 34. Nxf6 Qf7 35. Nh5+ Kg8 36. Nf6+ Kf8 37. Ng4 Qg7 38. Qd2 Rh3 39. Rf1 Qa1+ 40. Kc2 Qxf1 41. Qc3 Qg2+ 42. Kb3 Rxf3 0-1

[Event "Berlin Lichtenberger op 16th"]
[Site "Berlin"]
[Date "2017.08.21"]
[Round "3"]
[White "Papenhagen, Walter"]
[Black "Lippianowski, Stefan"]
[Result "1-0"]
[WhiteElo "1584"]
[BlackElo "1106"]
[PlyCount "143"]
[EventDate "2017.08.19"]
[EventType "swiss"]
[EventRounds "9"]
[EventCountry "GER"]
[SourceTitle "CBM 180 Extra"]
[Source "ChessBase"]
[SourceDate "2017.10.06"]
[SourceVersion "1"]
[SourceVersionDate "2017.10.06"]
[SourceQuality "1"]

1. d4 d5 2. Nf3 Nc6 3. e3 a6 4. c3 Bd7 5. Bd3 Nf6 6. Nbd2 e6 7. 0-0 Bd6 8. Re1 h5 9. e4 Bf4 10. exd5 Nxd5 11. Nc4 Qf6 12. Be4 0-0-0 13. a4 h4 14. Nfe5 Bxh2+ 15. Kf1 Bg3 16. Ng4 Qe7 17. Bxd5 Bd6 18. Qf3 Qf8 19. Nxd6+ Qxd6 20. Bf4 Qxd5 21. Qxd5 exd5 22. Ne5 h3 23. Kg1 Rh4 24. Bg3 Rh5 25. Nf3 g5 26. Re3 hxg2 27. Nh2 f5 28. Rf3 f4 29. Bxf4 gxf4 30. Rxf4 Rdh8 31. Kxg2 Rxh2+ 32. Kf3 R2h3+ 33. Ke2 Re8+ 34. Kd2 Na5 35. Rg1 Nc4+ 36. Kc2 Bxa4+ 37. b3 Na3+ 38. Kb2 Nc4+ 39. bxc4 dxc4 40. Rg3 Re2+ 41. Ka3 Rxg3 42. fxg3 b5 43. Kb4 Rb2+ 44. Kc5 Rc2 45. Rf3 Kb7 46. d5 Rh2 47. g4 Bc2 48. Rf7 Rd2 49. Re7 Bd1 50. g5 Bf3 51. Re5 Rd3 52. g6 Bh5 53. Rxh5 Rxc3 54. Rg5 Re3 55. g7 c3 56. g8Q c2 57. Rg1 Rc3+ 58. Kb4 c1Q 59. Rxc1 Rxc1 60. Qf7 Rc4+ 61. Kb3 Rd4 62. Qd7 a5 63. Qxb5+ Kc8 64. Qxa5 Rd3+ 65. Kc4 Rh3 66. Qa8+ Kd7 67. Qc6+ Kc8 68. d6 Rh4+ 69. Kd3 Rh3+ 70. Ke2 Rh2+ 71. Kf1 Rh1+ 72. Qxh1 1-0

[Event "Berlin Eckbauer op 19th"]
[Site "Berlin"]
[Date "2016.10.17"]
[Round "2"]
[White "Gebigke, Lena"]
[Black "Lippianowski, Stefan"]
[Result "1-0"]
[WhiteElo "1639"]
[BlackElo "1138"]
[PlyCount "35"]
[EventDate "2016.10.10"]
[EventType "swiss"]
[EventRounds "7"]
[EventCountry "GER"]
[SourceTitle "EXT 2022"]
[Source "ChessBase"]
[SourceDate "2021.10.06"]
[SourceVersion "1"]
[SourceVersionDate "2021.10.06"]
[SourceQuality "1"]

1. Nf3 Nc6 2. d4 d5 3. g3 Bf5 4. Bg2 Nf6 5. 0-0 Nb4 6. Na3 Qd7 7. Ne5 Qe6 8. c4 0-0-0 9. Qa4 Nc6 10. cxd5 Nxd5 11. Nxc6 Qxc6 12. Qxc6 bxc6 13. e4 Nb4 14. exf5 Rxd4 15. Be3 Rd6 16. Nc4 Rf6 17. Bxa7 Rxf5 18. Bh3 1-0

[Event "Berlin Lichtenberger op 15th"]
[Site "Berlin"]
[Date "2016.08.21"]
[Round "9"]
[White "Chung, Nicholas"]
[Black "Lippianowski, Stefan"]
[Result "1-0"]
[WhiteElo "1402"]
[BlackElo "1150"]
[PlyCount "63"]
[EventDate "2016.08.13"]
[EventType "swiss"]
[EventRounds "9"]
[EventCountry "GER"]
[SourceTitle "CBM 173 Extra"]
[Source "ChessBase"]
[SourceDate "2016.08.29"]
[SourceVersion "1"]
[SourceVersionDate "2016.08.29"]
[SourceQuality "1"]

1. e4 e5 2. Nf3 Nc6 3. Bc4 Nf6 4. Nc3 Nh5 5. d3 Nf4 6. Bxf4 exf4 7. Nd5 d6 8. Nxf4 Qf6 9. Nd5 Qd8 10. h3 Be6 11. c3 Bxd5 12. Bxd5 Be7 13. Qb3 0-0 14. Qxb7 Ne5 15. Qxa8 Qxa8 16. Bxa8 Nxd3+ 17. Ke2 Nf4+ 18. Kd2 Rxa8 19. g3 Ne6 20. Kc2 Nc5 21. Rhe1 f6 22. Nd4 Kf7 23. Nc6 Nd7 24. f4 a5 25. Rad1 Ra6 26. Nxe7 Kxe7 27. Rd5 Nb6 28. Rh5 h6 29. e5 dxe5 30. fxe5 Nc4 31. exf6+ Kxf6 32. Rc5 1-0

[Event "Schweinfurt op 26th"]
[Site "Schweinfurt"]
[Date "2016.05.29"]
[Round "7"]
[White "Lippianowski, Stefan"]
[Black "Klonov, Sofia"]
[Result "1-0"]
[WhiteElo "1163"]
[BlackElo "866"]
[PlyCount "121"]
[EventDate "2016.05.26"]
[EventType "swiss"]
[EventRounds "7"]
[EventCountry "GER"]
[SourceTitle "CBM 172 Extra"]
[Source "ChessBase"]
[SourceDate "2016.06.21"]
[SourceVersion "1"]
[SourceVersionDate "2016.06.21"]
[SourceQuality "1"]

1. e4 c5 2. Bc4 Nc6 3. Nf3 g6 4. Ng5 e6 5. d3 Bg7 6. Na3 d5 7. exd5 exd5 8. Qe2+ Be6 9. Bb5 h6 10. Nf3 Nf6 11. Ne5 a6 12. Bxc6+ bxc6 13. Nxc6 Qd6 14. Ne5 0-0 15. 0-0 Rfe8 16. c4 Bg4 17. Qd2 Qxe5 18. f3 Bf5 19. Re1 Qxe1+ 20. Qxe1 Rxe1+ 21. Kf2 Ree8 22. Bf4 Re6 23. Rd1 dxc4 24. Nxc4 Rae8 25. Ne3 Rb6 26. b3 c4 27. Nxc4 Rbe6 28. Ne3 Rd8 29. g4 Bxd3 30. h4 Nd5 31. Rxd3 Bb2 32. Bxh6 Bc1 33. Nxd5 Red6 34. Nf6+ Kh8 35. Rxd6 Rxd6 36. Ne8 Rd3 37. Bxc1 Rc3 38. Bb2 Kg8 39. Bxc3 Kf8 40. Nd6 Ke7 41. Bb4 Ke6 42. f4 f6 43. Kf3 g5 44. fxg5 fxg5 45. hxg5 Kd5 46. g6 Ke6 47. g7 Ke7 48. g8Q a5 49. Qg5+ Ke6 50. Qxa5 Kf6 51. Kf4 Ke6 52. Qe5+ Kd7 53. Nb7 Kc6 54. Nc5 Kb5 55. a4+ Kc6 56. g5 Kb6 57. Qe6+ Ka7 58. g6 Kb8 59. Qe7 Kc8 60. g7 Kb8 61. g8R# 1-0

[Event "Schweinfurt op 26th"]
[Site "Schweinfurt"]
[Date "2016.05.26"]
[Round "2"]
[White "Lippianowski, Stefan"]
[Black "Hansen, Klaus Bjerre"]
[Result "0-1"]
[WhiteElo "1163"]
[BlackElo "1736"]
[PlyCount "32"]
[EventDate "2016.05.26"]
[EventType "swiss"]
[EventRounds "7"]
[EventCountry "GER"]
[SourceTitle "CBM 172 Extra"]
[Source "ChessBase"]
[SourceDate "2016.06.21"]
[SourceVersion "1"]
[SourceVersionDate "2016.06.21"]
[SourceQuality "1"]

1. e4 c5 2. Bc4 Nc6 3. Nf3 d6 4. d4 cxd4 5. Bb5 e5 6. Ng5 Qa5+ 7. Nc3 dxc3 8. Qd5 cxb2+ 9. Bd2 bxa1Q+ 10. Ke2 Qxb5+ 11. c4 Nf6 12. Qxf7+ Kd8 13. cxb5 Nd4+ 14. Kd3 Qb2 15. Rc1 Qxb5+ 16. Ke3 Qe2# 0-1

[Event "Berlin Eckbauer op 18th"]
[Site "Berlin"]
[Date "2015.11.16"]
[Round "6"]
[White "Lippianowski, Stefan"]
[Black "Koerner, Reinhard"]
[Result "0-1"]
[WhiteElo "1160"]
[BlackElo "1483"]
[PlyCount "44"]
[EventDate "2015.10.05"]
[EventType "swiss"]
[EventRounds "7"]
[EventCountry "GER"]
[SourceTitle "EXT 2022"]
[Source "ChessBase"]
[SourceDate "2021.10.06"]
[SourceVersion "1"]
[SourceVersionDate "2021.10.06"]
[SourceQuality "1"]

1. e4 b6 2. d4 Bb7 3. Nc3 Nf6 4. d5 d6 5. Bb5+ Nbd7 6. Nf3 a6 7. Bc6 Bxc6 8. dxc6 Nc5 9. e5 dxe5 10. Qe2 e4 11. Ne5 e6 12. b4 Qd4 13. Bb2 Qxe5 14. bxc5 Qxc5 15. Nxe4 Qb4+ 16. Bc3 Qxe4 17. Qxe4 Nxe4 18. Be5 Bb4+ 19. c3 Bxc3+ 20. Bxc3 Nxc3 21. 0-0 Rd8 22. Rac1 Ne2+ 0-1

[Event "Berlin Eckbauer op 18th"]
[Site "Berlin"]
[Date "2015.11.02"]
[Round "4"]
[White "Lippianowski, Stefan"]
[Black "Hecht, Uwe"]
[Result "0-1"]
[WhiteElo "1160"]
[BlackElo "1788"]
[PlyCount "48"]
[EventDate "2015.10.05"]
[EventType "swiss"]
[EventRounds "7"]
[EventCountry "GER"]
[SourceTitle "EXT 2022"]
[Source "ChessBase"]
[SourceDate "2021.10.06"]
[SourceVersion "1"]
[SourceVersionDate "2021.10.06"]
[SourceQuality "1"]

1. e4 c5 2. Nf3 Nc6 3. d4 cxd4 4. Nxd4 Nf6 5. Nc3 e5 6. Ndb5 d6 7. Nd5 Nxd5 8. Qxd5 Be6 9. Qd2 a6 10. Nc3 Rc8 11. Qe3 Nd4 12. Bd3 Be7 13. f4 Bc4 14. b3 Bxd3 15. Qxd3 b5 16. 0-0 Rxc3 17. Qd1 Qb6 18. Kh1 Rxc2 19. Be3 Rc7 20. Rc1 Bf6 21. g4 Rxc1 22. Qxc1 Qb7 23. g5 Qxe4+ 24. Kg1 Ne2+ 0-1

[Event "Berlin Eckbauer op 18th"]
[Site "Berlin"]
[Date "2015.10.12"]
[Round "2"]
[White "Schmidt, Michael3333"]
[Black "Lippianowski, Stefan"]
[Result "1-0"]
[WhiteElo "1532"]
[BlackElo "1160"]
[PlyCount "43"]
[EventDate "2015.10.05"]
[EventType "swiss"]
[EventRounds "7"]
[EventCountry "GER"]
[SourceTitle "EXT 2022"]
[Source "ChessBase"]
[SourceDate "2021.10.06"]
[SourceVersion "1"]
[SourceVersionDate "2021.10.06"]
[SourceQuality "1"]

1. e4 e5 2. Bc4 Bc5 3. Nc3 c6 4. Nf3 d6 5. d4 Bb4 6. dxe5 Bg4 7. exd6 Qxd6 8. Qxd6 Bxd6 9. Be3 b5 10. Nxb5 cxb5 11. Bd5 Bb4+ 12. c3 Be7 13. Bxa8 b4 14. Ne5 Be6 15. Bxa7 Nd7 16. Bc6 Ngf6 17. 0-0-0 bxc3 18. bxc3 Ba3+ 19. Kc2 0-0 20. Nxd7 Nxd7 21. Bxd7 Bxa2 22. Ra1 1-0

[Event "Berlin Lichtenberger op 14th"]
[Site "Berlin"]
[Date "2015.08.22"]
[Round "8"]
[White "Wilke, Hans Peter"]
[Black "Lippianowski, Stefan"]
[Result "1-0"]
[WhiteElo "1655"]
[BlackElo "1152"]
[PlyCount "95"]
[EventDate "2015.08.15"]
[EventType "swiss"]
[EventRounds "9"]
[EventCountry "GER"]
[SourceTitle "EXT 2016"]
[Source "ChessBase"]
[SourceDate "2015.10.08"]
[SourceVersion "1"]
[SourceVersionDate "2015.10.08"]
[SourceQuality "1"]

1. b4 d5 2. Bb2 Nf6 3. e3 a6 4. a4 Qd6 5. b5 e5 6. Nf3 Bg4 7. Bxe5 Qxe5 8. Nxe5 Bxd1 9. Kxd1 Bd6 10. Nf3 Ng4 11. h3 Nxf2+ 12. Kc1 Nxh1 13. c4 d4 14. Nxd4 Be5 15. Ra3 0-0 16. Nf3 Bf6 17. Nc3 Be7 18. Rb3 axb5 19. Nd5 Bd6 20. axb5 Ra1+ 21. Rb1 Ba3+ 22. Kc2 Ra2+ 23. Kb3 Rb2+ 24. Rxb2 Bxb2 25. Kxb2 Nd7 26. Nxc7 Rc8 27. Nd5 Kf8 28. Bd3 Nf2 29. Bf5 Ke8 30. Bxd7+ Kxd7 31. Nb6+ Kd8 32. Nxc8 Kxc8 33. Ne5 f6 34. Nf3 Nd3+ 35. Kc3 Nf2 36. Kd4 Kc7 37. Kd5 b6 38. Nd4 Kd7 39. Nf5 g5 40. c5 bxc5 41. Nd6 Nd3 42. b6 Nb4+ 43. Kxc5 Na6+ 44. Kb5 Nb8 45. Ne4 f5 46. Nxg5 h5 47. Nf3 Kc8 48. Nd4 1-0

[Event "Berlin Lieb Memorial 1st"]
[Site "Berlin"]
[Date "2015.06.18"]
[Round "5"]
[White "Lippianowski, Stefan"]
[Black "Meinicke, Kurt"]
[Result "0-1"]
[WhiteElo "1174"]
[BlackElo "1534"]
[PlyCount "90"]
[EventDate "2015.05.21"]
[EventType "swiss"]
[EventRounds "7"]
[EventCountry "GER"]
[SourceTitle "EXT 2022"]
[Source "ChessBase"]
[SourceDate "2021.10.06"]
[SourceVersion "1"]
[SourceVersionDate "2021.10.06"]
[SourceQuality "1"]

1. e4 e5 2. Nf3 Nc6 3. d4 exd4 4. Nxd4 Bc5 5. Nf5 Qf6 6. Nc3 Bb4 7. Bd2 Qe5 8. f4 Qf6 9. Nd5 Bxd2+ 10. Qxd2 Qxb2 11. Rd1 Kd8 12. c3 Qxd2+ 13. Rxd2 g6 14. Nd4 Nce7 15. Bc4 Nxd5 16. Bxd5 Nf6 17. Bxf7 Nxe4 18. Rd3 Rf8 19. Ne6+ Ke7 20. Nxf8 Kxf7 21. Nxh7 d6 22. Re3 d5 23. 0-0 Bf5 24. h3 Nd2 25. Ng5+ Kf6 26. Nh7+ Kf7 27. Rfe1 Be4 28. Ng5+ Kf6 29. Rd1 Nc4 30. Rg3 Rh8 31. Nf3 Kf5 32. Rg5+ Kxf4 33. Rg4+ Kf5 34. Rg5+ Kf6 35. h4 c6 36. Nd4 Rxh4 37. Rg3 Ke7 38. Re1 Nd2 39. Re2 Nb1 40. Rxg6 Kd8 41. Rg8+ Kc7 42. c4 Bd3 43. Ne6+ Kd6 44. c5+ Ke7 45. Nf4+ Bxe2 0-1

[Event "Berlin Lieb Memorial 1st"]
[Site "Berlin"]
[Date "2015.05.28"]
[Round "2"]
[White "Lippianowski, Stefan"]
[Black "Tham, Franz"]
[Result "0-1"]
[WhiteElo "1174"]
[BlackElo "1615"]
[PlyCount "48"]
[EventDate "2015.05.21"]
[EventType "swiss"]
[EventRounds "7"]
[EventCountry "GER"]
[SourceTitle "EXT 2022"]
[Source "ChessBase"]
[SourceDate "2021.10.06"]
[SourceVersion "1"]
[SourceVersionDate "2021.10.06"]
[SourceQuality "1"]

1. e4 c5 2. d4 cxd4 3. Nf3 Nc6 4. Nxd4 Qb6 5. Nb5 a6 6. Be3 Qa5+ 7. N5c3 Nf6 8. Bd2 Qc7 9. Qf3 Ne5 10. Qg3 d6 11. h3 g6 12. f4 Nc4 13. b3 Nxd2 14. Kxd2 Bg7 15. Kc1 0-0 16. Nd2 Nh5 17. Qe3 Bxc3 18. Rb1 Bxd2+ 19. Qxd2 Ng3 20. Rg1 Qc5 21. f5 Qxg1 22. Kb2 Qc5 23. Qg5 Qe5+ 24. c3 Nxe4 0-1

[Event "Berlin Lichtenberger op 13th"]
[Site "Berlin"]
[Date "2014.08.24"]
[Round "9"]
[White "Lippianowski, Stefan"]
[Black "Kammler, Hans Joachim"]
[Result "0-1"]
[WhiteElo "1220"]
[BlackElo "1504"]
[PlyCount "48"]
[EventDate "2014.08.16"]
[EventType "swiss"]
[EventRounds "9"]
[EventCountry "GER"]
[SourceTitle "CBM 161 Extra"]
[Source "ChessBase"]
[SourceDate "2014.08.29"]
[SourceVersion "1"]
[SourceVersionDate "2014.08.29"]
[SourceQuality "1"]

1. e4 e6 2. d4 d5 3. exd5 exd5 4. Qe2+ Be7 5. Nc3 Nf6 6. Be3 0-0 7. 0-0-0 Bb4 8. Nb5 a6 9. c3 axb5 10. cxb4 Rxa2 11. Qxb5 c6 12. Qd3 Qb6 13. Qb3 Ra8 14. Bd3 Be6 15. Ne2 Nbd7 16. f4 Ne4 17. Ng3 Ndf6 18. f5 Bd7 19. h4 Nxg3 20. Rh3 Nxf5 21. Bf2 Nd6 22. Rg3 Nde4 23. Bxe4 Nxe4 24. Rf3 Bg4 0-1